The team quiz book (Record no. 1251)

MARC details
000 -LEADER
fixed length control field 00342nam a2200157Ia 4500
008 - FIXED-LENGTH DATA ELEMENTS--GENERAL INFORMATION
fixed length control field 221030s9999 xx 000 0 und d
020 ## - INTERNATIONAL STANDARD BOOK NUMBER
ISBN 8172245971
041 ## - LANGUAGE CODE
Language code of text/sound track or separate title
082 ## - DEWEY DECIMAL CLASSIFICATION NUMBER
Classification number 105.23
Item number Cor
100 ## - MAIN ENTRY--AUTHOR NAME
Personal name D. Cornish
245 #4 - TITLE STATEMENT
Title The team quiz book
260 ## - PUBLICATION, DISTRIBUTION, ETC. (IMPRINT)
Name of publisher Jaico Pub
Year of publication 1997
300 ## - PHYSICAL DESCRIPTION
Number of Pages 125
650 ## - SUBJECT ADDED ENTRY--TOPICAL TERM
Topical Term General
942 ## - ADDED ENTRY ELEMENTS (KOHA)
Koha item type Books
Holdings
Accession Number Cost, normal purchase price Full call number Price effective from Koha item type Withdrawn / writtenoff status Materials specified (bound volume or other part) Damaged status Not for loan Permanent Location Current Location Shelving location Date acquired Lost/ Missing status department
BE 3761 64.00 105.23 Cor 10/30/2022 Books   Print     MIET Library, Jammu MIET Library, Jammu BL-Academic Block B, FL-2, CUP-21, SH-5, R-5 04/21/2001   BE